000 00754cab a22002295a 4500
001 L159920
008 150113e2017 xxk 000 0 eng d
035 _a(Sirsi) u159920
041 0 _aeng
050 _a690.24 $2 18
100 1 _aKenny, Tim
245 0 0 _aCracking up
_h[electronic resource]
260 _aLondon
_bRICS
_c2017
490 _aRICS Building Surveying Journal
_vMarch - April 2017, 10-11(2)
520 _aLooks at what building surveyors can do to identify structural movement.
650 2 4 _aSTRUCTURAL MOVEMENT
651 4 _aUnited Kingdom
_y
690 _aBuilding surveying
_96225
856 4 0 _uhttps://issuu.com/ricsmodus/docs/building_surveying_journal_march_ap
_yAvailable free online via Issuu
856 4 0 _u
_z
942 _n0
999 _c85065
_d85065